Potrzeby mieszkaniowe i popyt mieszkaniowy spór o metode
Saved in:
| Main Author: | |
|---|---|
| Other Authors: | |
| Format: | Book |
| Language: | Polish |
| Published: |
Warszawa
Szkola Glówna planowania i statystyki
1984
|
| Series: | Monografie i opracowania
117 |
| Tags: |
No Tags, Be the first to tag this record!
|
MARC
| LEADER | 00000nam a2200000 4500 | ||
|---|---|---|---|
| 001 | c115232 | ||
| 005 | 20250630080239.8 | ||
| 041 | 0 | |a pol | |
| 044 | |a PL | ||
| 245 | 1 | 0 | |a Potrzeby mieszkaniowe i popyt mieszkaniowy |b spór o metode |c Ryszard Domanski, Jan Kaja |
| 264 | 1 | |a Warszawa |b Szkola Glówna planowania i statystyki |c 1984 | |
| 300 | |a 366 s. | ||
| 490 | 1 | |a Monografie i opracowania |v 117 | |
| 830 | 0 | |a Monografie i opracowania |v 117 | |
| 100 | 1 | |a Domanski, Ryszard | |
| 700 | 1 | |a Kaja, Jan | |